000 00710nam a22002297a 4500
999 _c7399
_d7399
003 BD-JhCC
005 20180314175556.0
008 180208s2004 bg |||| ||a| 00| 0 ben d
020 _a984401798X
035 _a(BD-JhCC)
040 _aBD-JhCC
_dBD-JhCC
041 _aben
082 _a320.195492
_bIMA 2004
100 _aইমাম, এইচ. টি
245 _aবাংলাদেশ সরকার ১৯৭১ /
_cএইচ. টি. ইমাম
260 _aঢাকা :
_bআগামী প্রকাশনী,
_c2004
300 _a560 p. :
_c22 cm,
650 _aPolitics and Government
_y1971
_zBangladesh
650 _aPublic Administration
942 _2ddc
_cBK